| 000 | 00717nam a2200181Ia 4500 | ||
|---|---|---|---|
| 008 | 151018s9999 xx 000 0 und d | ||
| 082 |
_bRBASDV60685 _a155.25 |
||
| 100 | _aसंजयकुमार बा वासनिक | ||
| 245 | _aहोय मी विजेता होणारच | ||
| 250 | _b1 | ||
| 260 |
_b"गवळी प्रकाशन, इस्लामपूर" _c2011 |
||
| 300 | _a96 | ||
| 600 | _aसंजयकुमार बा वासनिक | ||
| 630 | _aहोय मी विजेता होणारच | ||
| 700 | _aसंजयकुमार बा वासनिक | ||
| 730 | _aहोय मी विजेता होणारच | ||
| 942 | _cBOOK | ||
| 999 |
_c1054189 _d1054186 |
||